| 000 | 01304nam a2200229Ia 4500 | ||
|---|---|---|---|
| 003 | Ost | ||
| 005 | 20260507075552.0 | ||
| 008 | 260507s9999||||xx |||||||||||||| ||und|| | ||
| 040 | _cfsecg | ||
| 041 | _aara | ||
| 082 | _a300 | ||
| 100 |
_aالعيسوي، ابراهيم _eمؤلف |
||
| 245 | 0 |
_aالفات واخواتها : _bالنظام الجديد للتجارة العالمية ومستقبل التنمية العربية / _c ابراهيم العيسوي |
|
| 260 |
_aبيروت: _bمركز دراسات الوحدة العربية, _c2001 |
||
| 300 |
_a248 صفحة؛ _bإيضاحات ؛ _c24 سم |
||
| 504 | _aملاحق ص.227ص , مراجع ص.237 | ||
| 520 | _aالغات بين المبادئ و الممارسات و الاتفاقات و المنظمة الجديدة للتجارة العالمية و تقييم عام للنظام الجديد للتجارة العالمية ,اضافة الى تقييم النظام الجديد للتجارة من منظور التنمية العربية و المواجهة العربية لتحديات النظام التجاري العالمي الجديد . | ||
| 653 | _aالبلدان العربية-التنمية | ||
| 653 | _aالتجارة الدولية | ||
| 653 | _aالمنظمات الدولية | ||
| 942 | _cكتاب | ||
| 999 |
_c44933 _d44933 |
||